Kaupungit maittain #5 - Statistics

Yleistilastot
  • Tätä visaa on pelattu 1 039 kertaa
  • Keskiarvotulos 15 / 27
Vastaustilastot
Kaupunki Valtio % Oikein
Vladivostok Venäjä
96%
Kawasaki Japani
92%
Tallinna Viro
91%
Ródos Kreikka
87%
Haag Alankomaat
80%
Salzburg Itävalta
79%
Ulaanbaatar Mongolia
69%
Lagos Nigeria
65%
Aleppo Syyria
65%
Tbilisi Georgia
64%
Lviv Ukraina
63%
Dijon Ranska
61%
Izmir Turkki
58%
Gent Belgia
55%
Davos Sveitsi
53%
Antananarivo Madagaskar
50%
A Coruña Espanja
49%
Waterford Irlanti
45%
Thimphu Bhutan
44%
Corleone Italia
43%
Abbottabad Pakistan
37%
Juba Etelä-Sudan
36%
N'Djamena Tšad
34%
Lhasa Kiina
32%
Oaxaca Meksiko
32%
Worms Saksa
25%
Qom Iran
18%
Ehtoja vastaavia visoja ei löytynyt
Tulosjakauma
Jokaisen tuloksen saaneiden osuus
Persentiili vastausten määrän mukaan
Tuloshistoriasi
Et ole pelannut tätä visaa